000 00802nam a2200253 a 4500
999 _c1194
_d1194
005 20200514155155.0
008 140226b1998 ck ||||| |||| 00| 0 eng d
040 _aCO-BoIAVH
_cCO-BoIAVH
041 _aspa
044 _ack
090 _aLB
_b01184
100 _aOrrego, Sergio Alonso
_911249
245 _aVenta de servicios ambientales
_bposibilidades y limitaciones para el departamento del Chocó
260 _aMedellín
_bIIAP
_bFundación Espavé
_c1998
300 _a26 p.
650 _aServicios ambientales
_9102914
650 _aMercados internacionales
_99402
650 _aCambio climático
_9102915
650 _aBosques tropicales
_9102916
662 _aColombia
_bChocó
700 _aJaramillo, Luisa Fernanda
_911253
700 _aLoaiza, Lina María
_911254
942 _cARTICULO
_2z